LEADER 00951nam a2200229 i 4500 001 000000052223 003 CaOOAMICUS 005 19980824000000.0 008 980824s1982 it u000 u ita u 013 $a23395 040 $aSeMil$bita 245 10$aRegola di vita delle Suore Orsoline di San Carlo. 260 $a[S.l. :$bs.n.],$c1982$e(Milano :$fGrafiche Boniardi,$g1982) 300 $a182 p. ;$c18 cm. 650 4$aRegole religiose.$0(OLS)http://semarc/subject/1857 650 4$aSuore Orsoline di San Carlo.$0(OLS)http://semarc/subject/9931 700 1 $aCongregazione Suore Orsoline di San Carlo .$0(OLS)http://semarc/name/24533 850 $aSeMil 852 $aSeMil$W1$xVenegono$y1$m3F I 1098$j243374$B18378$CSeMilBibl$Z2$F18379 $81 961 $aOmaggio: Deposito 996 $6245$aRegola di vita delle Suore Orsoline di San Carlo$9(OLS)http://semarc/title/80100 996 $6260$a[S.l. :$bs.n.]$9(OLS)http://semarc/publisher/29751 LEADER 00803nam a2200181 i 4500 001 000000081331 003 CaOOAMICUS 005 20180412000000.0 008 180412s1811 it u000 u ita u 013 $a53571 026 $ai.re x;x+ y.y+ zxdi (3) 1811 (A) 040 $aSeMil$bita 245 10$aVol. 1. 300 $a[4], 443, [5] p., [1] carta di tav. ripiegata :$bill. calcogr. 773 0 $aBrunacci, Vincenzo <1768-1818>$tCompendio del calcolo sublime del cavaliere Brunacci, membro dell'Istituto e professore nell'Università di Pavia. Ad uso delle Università del Regno. Volume 1. [-2.].$dMilano : Dalla Stamperia Reale, 1811$g1$w()4755 850 $aSeMil 852 $aSeMil$W1$xVenegono$y1$m3W III 29 FA$j46589$B46589$CSeMilBibl$Z2$F48930 $8I 996 $6245$aVol. 1$9(OLS)http://semarc/title/13429